Player Scramble - VCT 2024 EMEA #2 - Statistics

General Stats
  • This quiz has been taken 150 times
  • The average score is 19 of 27
Answer Stats
Hint Answer % Correct
shin Shin
97%
tow0 Wo0t
91%
reunnr runneR
90%
omak kamo
88%
tasn nAts
88%
rxsqa qRaxs
86%
ataapnatk ATA KAPTAN
84%
enbhsfyijy benjyfishy
83%
barve Brave
83%
kscki Kicks
82%
diiras ardiis
80%
srine RieNs
79%
eygsuust SUYGETSU
79%
ooyhd hoody
76%
eostabr Boaster
74%
t4naerr N4RRATE
72%
fearlaj Alfajer
71%
pypzna Zyppan
68%
ecernd ceNder
59%
erncchiol Chronicle
59%
pjpiam Jamppi
55%
uqentixro QutionerX
55%
gaerdr Redgar
48%
wasodh ShadoW
43%
sxraot starxo
39%
earment marteen
28%
hroibgun GRUBINHO
27%
No matching quizzes found
Score Distribution
Percent of People with Each Score
Percentile by Number Answered
Your Score History
You have not taken this quiz